Frío /

Guardado en:
Autor Principal: Anderson, Laurie Halse
Formato: Libro
Publicado: Barcelona : Roca, 2010
Materias:
Etiquetas: Agregar Etiqueta
Sin Etiquetas, Sea el primero en etiquetar este registro!
LEADER 00560nam a22002055a 4500
001 CEM.cems013415
005 20100907134909.0
008 130507s2010##################000#0#####d
003 CEMS
020 |a 9788499181233 
082 0 4 |a 813.6 
100 1 |a Anderson, Laurie Halse 
245 1 0 |a Frío /  |c Laurie Halse Anderson 
260 |a Barcelona :  |b Roca,  |c 2010 
300 |a 237 p. 
653 |a Literatura 
653 |a Literatura norteamericana 
653 |a Novelas 
653 |a Novela norteamericana 
859 |a CEMS  |b BIB. CEMS - 11 de abril  |h 813.6  |i An23  |p 26027.10  |t Ej.1